| 000 | 00385nam a22001457a 4500 | ||
|---|---|---|---|
| 020 | _a0-07-053039-4 | ||
| 082 | _a621.31042 FIT | ||
| 100 |
_aFITZGERALD, A . E , KINGSLEY, CHARLES , UMANS, STEPHEN .D _963580 |
||
| 245 | _aELECTRIC MACHINERY | ||
| 250 | _a6TH | ||
| 260 |
_aNEW DELHI _bTATA MCGRAW _c2003 |
||
| 300 | _aXIV,688 P | ||
| 650 |
_aELECTRIC MACHINERY _918388 |
||
| 942 | _cBK | ||
| 999 |
_c572353 _d572353 |
||